| 000 | 00000nas 2200000za 4500 |
| 001 | 9.503122 |
| 003 | CaOODSP |
| 005 | 20241105150724 |
| 007 | cr ||||||||||| |
| 008 | 150406d20012008xxc|| p o||||f| |0fre|d |
| 022 | |a1702-9074 |
| 040 | |aCaOODSP|bfre |
| 043 | |an-cn--- |
| 086 | 1 |aIu71-1/3F-PDF |
| 245 | 03|aLe guide des dessins industriels. |
| 246 | 1 |aGuide des dessins industriels |
| 264 | 1|aHull, Québec : |bIndustrie Canada |
| 310 | |aIrrégulier |
| 362 | 1 |aParaît depuis [2001?]; ne paraît plus après [2008]. |
| 691 | 07|aDessin industriel|2gcpds |
| 710 | 2 |aOffice de la propriété intellectuelle du Canada, |eorganisme de publication. |
| 775 | 08|tA guide to industrial designs.|w(CaOODSP)9.506728 |